Obesidad industrial y control de "stocks" / (Record no. 31013)

MARC details
000 -LEADER
campo de control de longitud fija 00728nam a2200229 i 4500
001 - NÚMERO DE CONTROL
campo de control 31013
003 - IDENTIFICADOR DE NÚMERO DE CONTROL
campo de control ES-MaACL
005 - FECHA Y HORA DE LA ÚLTIMA TRANSACCIÓN
campo de control 20250824222319.0
007 - CAMPO FIJO DE DESCRIPCIÓN FÍSICA--INFORMACIÓN GENERAL
campo de control de longitud fija t|
008 - DATOS DE LONGITUD FIJA--INFORMACIÓN GENERAL
campo de control de longitud fija 030128s1970 sp d |||| | spa d
080 ## - NÚMERO DE LA CLASIFICACIÓN DECIMAL UNIVERSAL
Número de la Clasificación Decimal Universal 658.784
100 1# - ENTRADA PRINCIPAL--NOMBRE DE PERSONA
Nombre de persona Battersby, Albert.
9 (RLIN) 26479
245 10 - MENCIÓN DEL TÍTULO
Título Obesidad industrial y control de "stocks" /
Mención de responsabilidad, etc. Albert Battersby ; [traducción de Rafael Gordillo].
260 ## - PUBLICACIÓN, DISTRIBUCIÓN, ETC.
Lugar de publicación, distribución, etc. Salamanca :
Nombre del editor, distribuidor, etc. Anaya,
Fecha de publicación, distribución, etc. [1970]
300 ## - DESCRIPCIÓN FÍSICA
Extensión 207 p. :
Otras características físicas 1 gráf. ;
Dimensiones 18 cm.
490 1# - MENCIÓN DE SERIE
Mención de serie Libros económicos-empresariales
650 04 - PUNTO DE ACCESO ADICIONAL DE MATERIA--TÉRMINO DE MATERIA
Término de materia o nombre geográfico como elemento de entrada Gestión de stocks.
9 (RLIN) 13117
700 1# - ENTRADA AGREGADA--NOMBRE PERSONAL
Nombre de persona Gordillo, Rafael.
9 (RLIN) 59143
830 00 - PUNTO DE ACCESO ADICIONAL DE SERIE-TÍTULO UNIFORME
Título uniforme Libros económico-empresariales Anaya
9 (RLIN) 220723
852 ## - LOCALIZACIÓN
Ubicación ES-MaACL
Número de control de estantería C-42509
Holdings
Estatus retirado Estado de pérdida Estado de daño No para préstamo Biblioteca de origen Biblioteca actual Ubicación en estantería Fecha de adquisición Fuente de adquisición Total de préstamos Signatura topográfica completa Código de barras Visto por última vez Precio de reemplazo Tipo de ítem Koha
        Biblioteca del Ateneo de Madrid Biblioteca del Ateneo de Madrid Depósito 2 17/01/2008     C-42509 1032038 23/02/2023 23/02/2023 Libro impreso